Normal view
MARC view
- Sampson,George
Entry Personal Name
001 - CONTROL NUMBER
- control field: 107810
003 - CONTROL NUMBER IDENTIFIER
- control field: NUST
005 - DATE AND TIME OF LATEST TRANSACTION
- control field: 20230126154053.0
008 - FIXED-LENGTH DATA ELEMENTS
- fixed length control field: 230126|| aca||aabn | a|a d
040 ## - CATALOGING SOURCE
- Original cataloging agency: NUST
- Transcribing agency: NUST
100 ## - HEADING--PERSONAL NAME
- Personal name: Sampson,George
670 ## - SOURCE DATA FOUND
- Source citation: Work cat.: (NUST)186073: Sampson,George, The Concise Cambridge History of English Literature /
